| 000 | 01058nas a2200373 4500 | ||
|---|---|---|---|
| 001 | BR0502263 | ||
| 003 | BR-BrBNA | ||
| 005 | 20231205105351.0 | ||
| 007 | ta | ||
| 008 | 230509b bl.|||p| |||| 00| 00por d | ||
| 040 |
_aBR-BrBNA _bpor _cBiblioteca Nacional de Agricultura |
||
| 041 | _a(Pt) | ||
| 072 | _aH10 | ||
| 100 | 1 | _aBernardo, E.R. de A. | |
| 100 | 1 | _aSantos, J.M. dos | |
| 245 | 1 | _aPatogenicidade in vitro de Monacrosporium robustum a Rotylenchulus reniformis | |
| 650 | _aROTYLENCHULUS RENIFORMIS | ||
| 650 | _aFUNGO PARA CONTROLE BIOLÓGICO | ||
| 650 | _aNEMATÓIDE | ||
| 650 | _aPATOGENICIDADE | ||
| 650 | _aMICROSCOPIA ELETRÔNICA | ||
| 650 | _aSOJA | ||
| 650 | _aALGODÂO | ||
| 650 | _aFEIJÃO | ||
| 650 | _aFEIJÃO DE CORDA | ||
| 650 | _aMARACUJÁ | ||
| 650 | _aMAMÃO | ||
| 650 | _aTOMATE | ||
| 650 | _aALFACE | ||
| 650 | _aSÃO PAULO | ||
| 773 | 0 |
_tCiência Rural (Brazil) _xISSN 0103-8478 _g(Jul-Aug 2004), v. 34(4) p. 1239-1241 _wBR0502263 |
|
| 909 |
_a202311 _bLúcia _c55 _dLúcia Elande |
||
| 942 |
_2AGRIS _n0 _cANA |
||
| 999 |
_c182581 _d182581 |
||